Реализация программы расширения российского участия в проекте "Сахалин-2"; Проблемы экономики и управления нефтегазовым комплексом; № 5
| Parent link: | Проблемы экономики и управления нефтегазовым комплексом № 5.— 2015.— [С. 19-25] |
|---|---|
| 1. Verfasser: | |
| Körperschaft: | |
| Weitere Verfasser: | , |
| Zusammenfassung: | Заглавие с экрана Расширение российского участия в международных проектах является приоритетной задачей государственного управления. В статье показано исполнение программно-целевого подхода к реализации нефтегазовых проектов на условиях соглашения о разделе продукции (СРП). Грамотное управление программой, как способ реализации набора проектов, приводит к достижению стратегической цели организации. Expansion of Russian participation in international projects is a priority of the state management. The article presents the execution of the program-target approach to oil and gas projects implementation under the terms of the Production Sharing Agreement (PSA). The proper management of the program as a way to implement a series of projects leads to the achievement of the organization strategic goals. Режим доступа: по договору с организацией-держателем ресурса |
| Sprache: | Russisch |
| Veröffentlicht: |
2015
|
| Schriftenreihe: | Стратегия |
| Schlagworte: | |
| Online-Zugang: | http://elibrary.ru/item.asp?id=23377429 |
| Format: | Elektronisch Buchkapitel |
| KOHA link: | https://koha.lib.tpu.ru/cgi-bin/koha/opac-detail.pl?biblionumber=643760 |
MARC
| LEADER | 00000nla0a2200000 4500 | ||
|---|---|---|---|
| 001 | 643760 | ||
| 005 | 20250228093749.0 | ||
| 035 | |a (RuTPU)RU\TPU\network\8757 | ||
| 090 | |a 643760 | ||
| 100 | |a 20150928d2015 k||y0rusy50 ca | ||
| 101 | 0 | |a rus | |
| 102 | |a RU | ||
| 135 | |a drcn ---uucaa | ||
| 181 | 0 | |a i | |
| 182 | 0 | |a b | |
| 200 | 1 | |a Реализация программы расширения российского участия в проекте "Сахалин-2" |d Implementation of the program of the Russian participation enhancement in "Sakhalin-2" project |f В. Э. Зайковский, Д. О. Щербаков, Р. В. Рыбин | |
| 203 | |a Текст |c электронный | ||
| 225 | 1 | |a Стратегия | |
| 300 | |a Заглавие с экрана | ||
| 320 | |a [Библиогр.: с. 25 (6 назв.)] | ||
| 330 | |a Расширение российского участия в международных проектах является приоритетной задачей государственного управления. В статье показано исполнение программно-целевого подхода к реализации нефтегазовых проектов на условиях соглашения о разделе продукции (СРП). Грамотное управление программой, как способ реализации набора проектов, приводит к достижению стратегической цели организации. | ||
| 330 | |a Expansion of Russian participation in international projects is a priority of the state management. The article presents the execution of the program-target approach to oil and gas projects implementation under the terms of the Production Sharing Agreement (PSA). The proper management of the program as a way to implement a series of projects leads to the achievement of the organization strategic goals. | ||
| 333 | |a Режим доступа: по договору с организацией-держателем ресурса | ||
| 461 | |t Проблемы экономики и управления нефтегазовым комплексом | ||
| 463 | |t № 5 |v [С. 19-25] |d 2015 | ||
| 510 | 1 | |a Implementation of the program of the Russian participation enhancement in "Sakhalin-2" project |z eng | |
| 610 | 1 | |a электронный ресурс | |
| 610 | 1 | |a труды учёных ТПУ | |
| 610 | 1 | |a управление проектами | |
| 610 | 1 | |a проекты | |
| 610 | 1 | |a программы | |
| 610 | 1 | |a организационная структура | |
| 700 | 1 | |a Зайковский |b В. Э. |c специалист в области менеджмента |c старший преподаватель Томского политехнического университета |g Виктор Эдуардович |3 (RuTPU)RU\TPU\pers\30243 | |
| 701 | 1 | |a Щербаков |b Д. О. |g Дмитрий Олегович | |
| 701 | 1 | |a Рыбин |b Р. В. |g Роман Владимирович | |
| 712 | 0 | 2 | |a Национальный исследовательский Томский политехнический университет (ТПУ) |b Институт социально-гуманитарных технологий (ИСГТ) |b Кафедра инженерного предпринимательства (ИП) |3 (RuTPU)RU\TPU\col\18857 |
| 801 | 2 | |a RU |b 63413507 |c 20150928 |g RCR | |
| 856 | 4 | |u http://elibrary.ru/item.asp?id=23377429 | |
| 942 | |c CF | ||